<?xml version="1.0" encoding="UTF-8"?>
<record
    xmlns:xsi="http://www.w3.org/2001/XMLSchema-instance"
    xsi:schemaLocation="http://www.loc.gov/MARC21/slim http://www.loc.gov/standards/marcxml/schema/MARC21slim.xsd"
    xmlns="http://www.loc.gov/MARC21/slim">

  <leader>02322nam a2200493 u 4500</leader>
  <controlfield tag="001">939237</controlfield>
  <controlfield tag="005">20260506155630.0</controlfield>
  <controlfield tag="008">050811s1997                        spa  </controlfield>
  <datafield tag="035" ind1=" " ind2=" ">
    <subfield code="a">939237</subfield>
  </datafield>
  <datafield tag="035" ind1=" " ind2=" ">
    <subfield code="a">(OCoLC)777908098</subfield>
  </datafield>
  <datafield tag="040" ind1=" " ind2=" ">
    <subfield code="c">comduadb</subfield>
  </datafield>
  <datafield tag="041" ind1=" " ind2=" ">
    <subfield code="a">spa</subfield>
  </datafield>
  <datafield tag="080" ind1=" " ind2=" ">
    <subfield code="a">AA</subfield>
  </datafield>
  <datafield tag="100" ind1="1" ind2="0">
    <subfield code="a">Echeverri S&#xE1;nchez, Jes&#xFA;s Alberto</subfield>
    <subfield code="4">res</subfield>
    <subfield code="e">res</subfield>
    <subfield code="9">551319</subfield>
  </datafield>
  <datafield tag="245" ind1="1" ind2="0">
    <subfield code="a">Apropiaci&#xF3;n pedag&#xF3;gica del campo intelectual de la educaci&#xF3;n para la construcci&#xF3;n de un modelo comprensivo de la formaci&#xF3;n de docentes</subfield>
  </datafield>
  <datafield tag="260" ind1=" " ind2=" ">
    <subfield code="a">Medell&#xED;n :</subfield>
    <subfield code="b">Universidad de Antioquia, Centro de Investigaciones Educativas,</subfield>
    <subfield code="c">1997.</subfield>
  </datafield>
  <datafield tag="300" ind1=" " ind2=" ">
    <subfield code="a">75 hojas</subfield>
  </datafield>
  <datafield tag="650" ind1=" " ind2=" ">
    <subfield code="a">Formaci&#xF3;n de docentes</subfield>
    <subfield code="9">175860</subfield>
  </datafield>
  <datafield tag="650" ind1=" " ind2=" ">
    <subfield code="a">Pr&#xE1;cticas pedag&#xF3;gicas</subfield>
    <subfield code="9">128852</subfield>
  </datafield>
  <datafield tag="650" ind1=" " ind2="7">
    <subfield code="a">Etnolog&#xED;a</subfield>
    <subfield code="2">lemb</subfield>
    <subfield code="9">2250</subfield>
  </datafield>
  <datafield tag="650" ind1=" " ind2=" ">
    <subfield code="a">Inform&#xE1;tica educativa</subfield>
    <subfield code="9">70994</subfield>
  </datafield>
  <datafield tag="650" ind1=" " ind2=" ">
    <subfield code="a">Violencia escolar</subfield>
    <subfield code="9">1723</subfield>
  </datafield>
  <datafield tag="650" ind1=" " ind2=" ">
    <subfield code="a">Hermen&#xE9;utica pedag&#xF3;gica</subfield>
    <subfield code="9">106372</subfield>
  </datafield>
  <datafield tag="700" ind1="1" ind2="0">
    <subfield code="a">Palacio Mej&#xED;a, Luz Victoria</subfield>
    <subfield code="4">aut</subfield>
    <subfield code="e">aut</subfield>
    <subfield code="9">482986</subfield>
  </datafield>
  <datafield tag="700" ind1="1" ind2="0">
    <subfield code="a">Salinas Salazar, Marta Lorena</subfield>
    <subfield code="4">res</subfield>
    <subfield code="e">res</subfield>
    <subfield code="9">361662</subfield>
  </datafield>
  <datafield tag="700" ind1="1" ind2="0">
    <subfield code="a">Palacio Mej&#xED;a, Luz Victoria</subfield>
    <subfield code="4">res</subfield>
    <subfield code="e">res</subfield>
    <subfield code="9">482986</subfield>
  </datafield>
  <datafield tag="700" ind1="1" ind2="0">
    <subfield code="a">Zapata Zapata, Donna del Socorro</subfield>
    <subfield code="4">res</subfield>
    <subfield code="e">res</subfield>
    <subfield code="9">286543</subfield>
  </datafield>
  <datafield tag="700" ind1="1" ind2="0">
    <subfield code="a">Arboleda G&#xF3;mez, Rubiela,</subfield>
    <subfield code="d">1959-</subfield>
    <subfield code="4">res</subfield>
    <subfield code="e">res</subfield>
    <subfield code="9">487375</subfield>
  </datafield>
  <datafield tag="700" ind1="1" ind2="0">
    <subfield code="a">Garc&#xE9;s Sierra, Mar&#xED;a Elena</subfield>
    <subfield code="4">res</subfield>
    <subfield code="e">res</subfield>
    <subfield code="9">752360</subfield>
  </datafield>
  <datafield tag="700" ind1="1" ind2="0">
    <subfield code="a">Hurtado G&#xF3;mez, Irma</subfield>
    <subfield code="4">res</subfield>
    <subfield code="e">res</subfield>
    <subfield code="9">724418</subfield>
  </datafield>
  <datafield tag="700" ind1="1" ind2="0">
    <subfield code="a">Ramirez Franco, Marta Luz</subfield>
    <subfield code="4">res</subfield>
    <subfield code="e">res</subfield>
    <subfield code="9">481465</subfield>
  </datafield>
  <datafield tag="700" ind1="1" ind2="0">
    <subfield code="a">Timan&#xE1; Vel&#xE1;squez, Queipo Franco</subfield>
    <subfield code="4">res</subfield>
    <subfield code="0">(isni)0000 0000 2414 3699</subfield>
    <subfield code="0">(viaf)8708077</subfield>
    <subfield code="e">res</subfield>
    <subfield code="9">250714</subfield>
  </datafield>
  <datafield tag="700" ind1="1" ind2="0">
    <subfield code="a">Correa Uribe, Santiago</subfield>
    <subfield code="4">res</subfield>
    <subfield code="e">res</subfield>
    <subfield code="9">309813</subfield>
  </datafield>
  <datafield tag="700" ind1="1" ind2="0">
    <subfield code="a">Garc&#xE9;s G&#xF3;mez, Juan Felipe</subfield>
    <subfield code="4">clb</subfield>
    <subfield code="e">clb</subfield>
    <subfield code="9">485840</subfield>
  </datafield>
  <datafield tag="700" ind1="1" ind2="0">
    <subfield code="a">Restrepo G&#xF3;mez, Bernardo</subfield>
    <subfield code="4">ths</subfield>
    <subfield code="0">(isni)0000 0000 2571 721X</subfield>
    <subfield code="0">(viaf)75293166</subfield>
    <subfield code="e">ths</subfield>
  </datafield>
  <datafield tag="700" ind1="1" ind2="0">
    <subfield code="a">Zuluaga Garc&#xE9;s, Olga Luc&#xED;a</subfield>
    <subfield code="4">ths</subfield>
    <subfield code="0">(isni)0000000028892523</subfield>
    <subfield code="0">(viaf)40809396</subfield>
    <subfield code="e">ths</subfield>
    <subfield code="9">534724</subfield>
  </datafield>
  <datafield tag="700" ind1="1" ind2="0">
    <subfield code="a">Gran&#xE9;s, Jos&#xE9;</subfield>
    <subfield code="4">ths</subfield>
    <subfield code="e">ths</subfield>
    <subfield code="9">735397</subfield>
  </datafield>
  <datafield tag="700" ind1="1" ind2="0">
    <subfield code="a">Vargas Guill&#xE9;n, Germ&#xE1;n,</subfield>
    <subfield code="d">1959-</subfield>
    <subfield code="4">ths</subfield>
    <subfield code="0">(orcid)0000-0001-6156-799X</subfield>
    <subfield code="0">(isni)0000  0000 4233 7649</subfield>
    <subfield code="0">(viaf)78370018</subfield>
    <subfield code="e">ths</subfield>
    <subfield code="9">317641</subfield>
  </datafield>
  <datafield tag="700" ind1="1" ind2="0">
    <subfield code="a">Zapata Villegas, V&#xED;ctor Vladimir</subfield>
    <subfield code="4">ths</subfield>
    <subfield code="e">ths</subfield>
    <subfield code="9">416790</subfield>
  </datafield>
  <datafield tag="700" ind1="1" ind2="0">
    <subfield code="a">Escobedo David, Hernan</subfield>
    <subfield code="4">ths</subfield>
    <subfield code="0">(isni)0000 0000 4627 9001</subfield>
    <subfield code="0">(viaf)36696702</subfield>
    <subfield code="e">ths</subfield>
    <subfield code="9">267730</subfield>
  </datafield>
  <datafield tag="700" ind1="1" ind2="0">
    <subfield code="a">Galv&#xE1;n de T., Luz Elena</subfield>
    <subfield code="4">ths</subfield>
    <subfield code="e">ths</subfield>
    <subfield code="9">725097</subfield>
  </datafield>
  <datafield tag="700" ind1="1" ind2="0">
    <subfield code="a">Escolano Benito, Agustin</subfield>
    <subfield code="4">ths</subfield>
    <subfield code="e">ths</subfield>
    <subfield code="9">516877</subfield>
  </datafield>
  <datafield tag="942" ind1=" " ind2=" ">
    <subfield code="c">BOOK</subfield>
  </datafield>
  <datafield tag="999" ind1=" " ind2=" ">
    <subfield code="c">361323</subfield>
    <subfield code="d">361323</subfield>
  </datafield>
  <datafield tag="952" ind1=" " ind2=" ">
    <subfield code="0">0</subfield>
    <subfield code="1">0</subfield>
    <subfield code="4">0</subfield>
    <subfield code="7">0</subfield>
    <subfield code="8">GENERAL</subfield>
    <subfield code="a">CEDED</subfield>
    <subfield code="b">CEDED</subfield>
    <subfield code="d">2005-08-11</subfield>
    <subfield code="i">C877094</subfield>
    <subfield code="l">0</subfield>
    <subfield code="o">AA/0220fe</subfield>
    <subfield code="p">0590114</subfield>
    <subfield code="r">2023-04-26 00:00:00</subfield>
    <subfield code="t">1</subfield>
    <subfield code="w">2023-04-26</subfield>
    <subfield code="y">BOOK</subfield>
  </datafield>
</record>
